000 00486nam a2200205Ia 4500
008 170918s9999 xx 000 0 und d
020 _a9780007420063
050 _bT969 2011
100 _aTwain, Mark
245 4 _aThe Prince and the Pauper /
245 _cMark Twain.
260 _aNew York :
260 _bScholastic,
260 _c2011
300 _a248 pages :
300 _bcolored illustration ;
300 _c18cm.
440 _vCollins classic.
500 _a1170
999 _c341966
_d341966